| 000 | 01237nam a2200217Ia 4500 | ||
|---|---|---|---|
| 003 | Ost | ||
| 005 | 20260507075804.0 | ||
| 008 | 260507s9999||||xx |||||||||||||| ||und|| | ||
| 040 | _cfsecg | ||
| 041 | _aara | ||
| 082 | _a341.52 | ||
| 100 |
_aشفيق، محسن _eمؤلف |
||
| 245 | 0 |
_aالتحكيم التجاري الدولي : _bدراسة في قانون التجارة الدولية / _c محسن شفيق |
|
| 260 |
_aالجيزة : _bدار النهضة العربية, |
||
| 300 |
_a442 صفحة؛ _bإيضاحات ؛ _c24 سم |
||
| 520 | _aيضم ماهية التحكيم وضابط الدولية، أهمية التحكيم في مجال التجارة الدولية، التحكيم التجاري وسيادة الدولة، التحكيم التجاري في التشريعات الوطنية، المنظمات الدولية المعنية بالتحكيم التجاري، تحديد قواعد التحكيم التجاري الدولي، إتفاق التحكيم، إجراءات التحكيم، في أعقاب صدور قرار التحكيم. | ||
| 653 | _aالتجارة الخارجية | ||
| 653 | _aالتحكيم التجاري | ||
| 653 | _aالتحكيم الدولي | ||
| 942 | _cكتاب | ||
| 999 |
_c46354 _d46354 |
||